Safety on roads what's the vision?

Na minha lista:
Detalhes bibliográficos
Formato: Livro
Idioma:inglês
Publicado em: Paris OECD 2002
Assuntos:
Tags: Adicionar Tag
Sem tags, seja o primeiro a adicionar uma tag!

MARC

LEADER 00000nam a2200000 4500
001 c132921
005 20221221092226.1
020 |a 92-64-19681-1 
041 0 |a eng 
044 |a FR 
245 1 0 |a Safety on roads  |b what's the vision? 
264 1 |a Paris  |b OECD  |c 2002 
300 |a 123 s. 
610 2 0 |a cesty 
610 2 0 |a doprava cestná 
610 2 0 |a bezpečnosť dopravy 
610 2 0 |a plánovanie 
610 2 0 |a prognózy 
610 2 0 |a výskum 
610 2 0 |a manažment 
610 2 0 |a analýzy 
610 2 0 |a svet 
610 2 0 |a OECD